00754nam a22002057a 450000500170000001000150001702000260003203500140005803700090007208200110008110000340009224500750012625000060020126000410020727000880024830000190033694200220035599900190037795201520039620260114115041.0 aENG-147463 a9789367134610c490.00 aEN-130995 bDBAD a00021 aChandra, Naveen Kumar 986346 a15 Year UPSC CSAT General Studies Paper-II 2026/cNaveen Kumar Chandra a1 aNoidabPearson India Educationc2026 a15th Floor, Towe-B, World Trade Tower, Plot No.1, Block-C, Sector-16bNoidae201301 avpp.c23cm(pb) 2ddccENh000mCHA c214104d214104 001040708NFICaAVbAVd2026-01-14eDelivery of Books Act Divisiong490.00l0o000 CHApEN-130995r2026-01-14 00:00:00t1v490.00w2026-01-14yEN